000
00214 a2200097 4500
001
12902
100
_a
Abdul Raheem
245
_a
Khandani Mansooba-Bandi
260
_a
_b
Aqvma Mathada Fund
_c
090
_c
9877
_d
9877
942
_a
NUST-CAE
_c
M
_c
36796
999
_c
247975
_d
247975